Sonets, cançons i madrigals / (Record no. 118746)

MARC details
000 -LEADER
campo de control de longitud fija 00728nam a2200217 4500
001 - NÚMERO DE CONTROL
campo de control 118746
003 - IDENTIFICADOR DE NÚMERO DE CONTROL
campo de control ES-MaACL
005 - FECHA Y HORA DE LA ÚLTIMA TRANSACCIÓN
campo de control 20230906191152.0
007 - CAMPO FIJO DE DESCRIPCIÓN FÍSICA--INFORMACIÓN GENERAL
campo de control de longitud fija t|
008 - DATOS DE LONGITUD FIJA--INFORMACIÓN GENERAL
campo de control de longitud fija 070214s1955 sp r ||||1| cat d
100 1# - ENTRADA PRINCIPAL--NOMBRE DE PERSONA
Nombre de persona Petrarca, Francesco.
9 (RLIN) 91528
245 10 - MENCIÓN DEL TÍTULO
Título Sonets, cançons i madrigals /
Mención de responsabilidad, etc. Francesco Petrarca ; traducció per Osvald Cardona ; revisat per Joan B. Solervicens.
260 ## - PUBLICACIÓN, DISTRIBUCIÓN, ETC.
Lugar de publicación, distribución, etc. Barcelona :
Nombre del editor, distribuidor, etc. Alpha,
Fecha de publicación, distribución, etc. 1955.
300 ## - DESCRIPCIÓN FÍSICA
Extensión 357 p., 1 lám. :
Otras características físicas `retr. aut.` ;
Dimensiones 21 cm.
490 1# - MENCIÓN DE SERIE
Mención de serie Classics de tots els temps
700 1# - ENTRADA AGREGADA--NOMBRE PERSONAL
Nombre de persona Cardona, Osvald.
9 (RLIN) 35182
700 1# - ENTRADA AGREGADA--NOMBRE PERSONAL
Nombre de persona Solervicens, J. B.
9 (RLIN) 107205
830 0# - PUNTO DE ACCESO ADICIONAL DE SERIE-TÍTULO UNIFORME
Título uniforme Classics de tots els temps
9 (RLIN) 187232
852 ## - LOCALIZACIÓN
Ubicación ES-MaACL
Número de control de estantería C-10453
Sublocalización o colección R.38387
Holdings
Estatus retirado Estado de pérdida Estado de daño No para préstamo Biblioteca de origen Biblioteca actual Ubicación en estantería Fecha de adquisición Fuente de adquisición Total de préstamos Signatura topográfica completa Código de barras Visto por última vez Precio de reemplazo Tipo de ítem Koha
        Biblioteca del Ateneo de Madrid Biblioteca del Ateneo de Madrid Sala Palomar 17/01/2008     C-10453 1123792 23/02/2023 23/02/2023 Libro impreso